<?xml version="1.0" encoding="UTF-8"?>
<record
    xmlns:xsi="http://www.w3.org/2001/XMLSchema-instance"
    xsi:schemaLocation="http://www.loc.gov/MARC21/slim http://www.loc.gov/standards/marcxml/schema/MARC21slim.xsd"
    xmlns="http://www.loc.gov/MARC21/slim">

  <leader>00912nam a22001817a 4500</leader>
  <controlfield tag="003">IT-RoPau</controlfield>
  <controlfield tag="005">20220918181105.0</controlfield>
  <controlfield tag="008">130508b        xxu||||| |||| 00| 0 eng d</controlfield>
  <datafield tag="040" ind1=" " ind2=" ">
    <subfield code="c">IT-RoPau</subfield>
  </datafield>
  <datafield tag="100" ind1=" " ind2=" ">
    <subfield code="a">Centro di Spiritualit&#xE0; Paolina</subfield>
    <subfield code="9">518</subfield>
  </datafield>
  <datafield tag="245" ind1=" " ind2=" ">
    <subfield code="a">Informazione</subfield>
  </datafield>
  <datafield tag="250" ind1=" " ind2=" ">
    <subfield code="a">1&#xB0; ed</subfield>
  </datafield>
  <datafield tag="260" ind1=" " ind2=" ">
    <subfield code="a">Ariccia (Roma)</subfield>
    <subfield code="b">Casa Divin Maestro</subfield>
    <subfield code="c">1973</subfield>
  </datafield>
  <datafield tag="300" ind1=" " ind2=" ">
    <subfield code="a">28 pp.</subfield>
    <subfield code="c">28 cm</subfield>
  </datafield>
  <datafield tag="490" ind1=" " ind2=" ">
    <subfield code="a">Informazione</subfield>
    <subfield code="v">n&#xB0; 11 - Novembre 1973</subfield>
  </datafield>
  <datafield tag="520" ind1=" " ind2=" ">
    <subfield code="a">Sommario


Nel Cristo Via, Verit&#xE0; e Vita

1. A due anni dalla morte di don Giacomo Alberione: dilexit Ecclesiam.
2. "Via, Verit&#xE0; e Vita": principio ispiratore dell'apostolato paolino
   1. Natura dell'apostolato
   2. Il vero senso pastorale
   3. Le attese e i bisogni dell'uomo
   4. Le masse, bisognose del Cristo.
   5. Quali scelte? Quale redazione?
3. Don Francesco S. Borrano: Il sacerdote paolino.
4. Dialogo nella Famiglia Paolina.
</subfield>
  </datafield>
  <datafield tag="942" ind1=" " ind2=" ">
    <subfield code="2">ddc</subfield>
    <subfield code="c">CR</subfield>
  </datafield>
  <datafield tag="999" ind1=" " ind2=" ">
    <subfield code="c">98502</subfield>
    <subfield code="d">98502</subfield>
  </datafield>
  <datafield tag="952" ind1=" " ind2=" ">
    <subfield code="0">0</subfield>
    <subfield code="1">0</subfield>
    <subfield code="2">ddc</subfield>
    <subfield code="4">0</subfield>
    <subfield code="6">P_C6</subfield>
    <subfield code="7">1</subfield>
    <subfield code="a">PAULUS</subfield>
    <subfield code="b">PAULUS</subfield>
    <subfield code="d">2013-05-08</subfield>
    <subfield code="l">0</subfield>
    <subfield code="o">P C6</subfield>
    <subfield code="r">2013-05-08 00:00:00</subfield>
    <subfield code="w">2013-05-08</subfield>
    <subfield code="y">CR</subfield>
  </datafield>
  <datafield tag="952" ind1=" " ind2=" ">
    <subfield code="0">0</subfield>
    <subfield code="1">0</subfield>
    <subfield code="2">ddc</subfield>
    <subfield code="4">0</subfield>
    <subfield code="6">P_C6</subfield>
    <subfield code="7">1</subfield>
    <subfield code="a">PAULUS</subfield>
    <subfield code="b">PAULUS</subfield>
    <subfield code="d">2013-05-08</subfield>
    <subfield code="l">0</subfield>
    <subfield code="o">P C6</subfield>
    <subfield code="r">2013-05-08 00:00:00</subfield>
    <subfield code="w">2013-05-08</subfield>
    <subfield code="y">CR</subfield>
  </datafield>
  <datafield tag="952" ind1=" " ind2=" ">
    <subfield code="0">0</subfield>
    <subfield code="1">0</subfield>
    <subfield code="2">ddc</subfield>
    <subfield code="4">0</subfield>
    <subfield code="6">P_C6</subfield>
    <subfield code="7">1</subfield>
    <subfield code="a">PAULUS</subfield>
    <subfield code="b">PAULUS</subfield>
    <subfield code="d">2013-05-08</subfield>
    <subfield code="l">0</subfield>
    <subfield code="o">P C6</subfield>
    <subfield code="r">2013-05-08 00:00:00</subfield>
    <subfield code="w">2013-05-08</subfield>
    <subfield code="y">CR</subfield>
  </datafield>
  <datafield tag="952" ind1=" " ind2=" ">
    <subfield code="0">0</subfield>
    <subfield code="1">0</subfield>
    <subfield code="2">ddc</subfield>
    <subfield code="4">0</subfield>
    <subfield code="6">P_C6</subfield>
    <subfield code="7">1</subfield>
    <subfield code="a">PAULUS</subfield>
    <subfield code="b">PAULUS</subfield>
    <subfield code="d">2013-05-08</subfield>
    <subfield code="l">0</subfield>
    <subfield code="o">P C6</subfield>
    <subfield code="r">2013-05-08 00:00:00</subfield>
    <subfield code="w">2013-05-08</subfield>
    <subfield code="y">CR</subfield>
  </datafield>
  <datafield tag="952" ind1=" " ind2=" ">
    <subfield code="0">0</subfield>
    <subfield code="1">0</subfield>
    <subfield code="2">ddc</subfield>
    <subfield code="4">0</subfield>
    <subfield code="6">P_C6</subfield>
    <subfield code="7">1</subfield>
    <subfield code="a">PAULUS</subfield>
    <subfield code="b">PAULUS</subfield>
    <subfield code="d">2013-05-08</subfield>
    <subfield code="l">0</subfield>
    <subfield code="o">P C6</subfield>
    <subfield code="r">2013-05-08 00:00:00</subfield>
    <subfield code="w">2013-05-08</subfield>
    <subfield code="y">CR</subfield>
  </datafield>
</record>
